000 01697nam a2200337 i 4500
003 DO-SdBNP
005 20250519122726.0
007 ta
008 250519b2024 dr ao||| |||| 00| 0 spa d
020 _a9789945251036
040 _aDO-SdBNP
_bspa
_cBNPHU
_erda
082 4 _222
_axxx
_bC343i
100 _aCassá Bernaldo de Quirós, Constancio,
_eautor
_d1953-
_4aut.
_95204
245 1 0 _aImágenes constanceras :
_b1909-2000 /
_cConstancio Cassá y Teruki Waki ; diagramación, Juan Francisco Domínguez Novas ; diseño de cubierta, Juan F. Domínguez Novas y Éngely Fuma Santana ; colaboración de Elías Rodríguez.
250 _aPrimera edición
264 4 _aSanto Domingo, República Dominicana :
_cArchivo General de la Nación,
_b©2024.
300 _a340 páginas :
_bilustraciones, fotografías ;
_c21 cm.
336 _atexto
_btxt
_2rdacontent
337 _asin mediación
_bn
_2rdamedia
338 _avolumen
_bnc
_2rdacarrier
490 0 _aArchivo General de la Nación ;
_v487
504 _aBibliografía: páginas 338-340
505 _aBreve historia de Constanza 11 -- Introducción 12 -- A modo de aclaración 16 -- Personalidades 107 -- Colonia española 179 -- Secadora y aserradero de Constanza 283 -- Abrigo rocoso indígena loma de huesos 319 -- Abrigo rocoso indígena arroyo el indio, afluente del rio las cuevas en la cercanía de valle nuevo 331
590 _aInventariado, 2025 /LP
700 1 _aWaki, Teruki,
_eautor
_4aut.
_987817
700 1 _aDomínguez Novas, Juan Francisco
_ediseñador
_4di.
_973382
700 1 _aFuma Santana, Engely,
_ediseñador
_987819
700 1 _aRodríguez, Elías
_ecolaborador
_4col.
_987820
910 _aLP
942 _2ddc
_cLBS1
999 _c58852
_d58852